Proceedings of the Sixth International Symposium Particles Strings and Cosmology (Record no. 531165)

000 -LEADER
fixed length control field 00400nam a2200133Ia 4500
008 - FIXED-LENGTH DATA ELEMENTS--GENERAL INFORMATION
fixed length control field 191014s9999 xx 000 0 und d
020 ## - INTERNATIONAL STANDARD BOOK NUMBER
International Standard Book Number 981-02-3612-3
082 ## - DEWEY DECIMAL CLASSIFICATION NUMBER
Classification number 539.72
Author Mark NAT
100 ## - MAIN ENTRY--PERSONAL NAME
Personal name P Nath
9 (RLIN) 20571
245 #0 - TITLE STATEMENT
Title Proceedings of the Sixth International Symposium Particles Strings and Cosmology
260 ## - PUBLICATION, DISTRIBUTION, ETC.
Place of publication, distribution, etc. Singapore
Name of publisher, distributor, etc. World Scientific Company
Date of publication, distribution, etc. 1998
300 ## - PHYSICAL DESCRIPTION
Extent Xviii,856
942 ## - ADDED ENTRY ELEMENTS (KOHA)
Koha item type Book
Holdings
Withdrawn status Lost status Damaged status Not for loan Permanent Location Current Location Date acquired Source of acquisition Cost, normal purchase price Total Checkouts Full call number Barcode Checked out Date last seen Date last checked out Price effective from Koha item type
        School of Natural Sciences (SNS) School of Natural Sciences (SNS) 10/15/2019 Donation 0.00 1 539.72NAT SNS0002942 10/24/2024 09/24/2024 09/24/2024 10/15/2019 Book
© 2023 Central Library, National University of Sciences and Technology. All Rights Reserved.